Milpa Alta (Record no. 9698)

MARC details
000 -CABECERA
campo de control de longitud fija 00827nam a2200241 a 4500
001 - NÚMERO DE CONTROL
campo de control BRL_886
005 - FECHA Y HORA DE LA ÚLTIMA TRANSACCIÓN
campo de control 20190320210936.0
008 - DATOS DE LONGITUD FIJA--INFORMACIÓN GENERAL
campo de control de longitud fija 231013s1970----mx-a######---#000-0#spa-#
041 ## - CÓDIGO DE LENGUA
Código de lengua del texto/banda sonora o título independiente spa
044 ## - CÓDIGO DEL PAÍS DE LA ENTIDAD EDITORA/PRODUCTORA
Código MARC del país mx
050 #4 - SIGNATURA TOPOGRÁFICA DE LA BIBLIOTECA DEL CONGRESO
Número de clasificación F1391.M6
Número de documento/Ítem .R49 1970
100 1# - ENTRADA PRINCIPAL--NOMBRE DE PERSONA
Nombre de persona Reyes Hernández, Alfonso
9 (RLIN) 25239
245 10 - MENCIÓN DE TÍTULO
Título Milpa Alta
Resto del título monografía
Mención de responsabilidad, etc. Alfonso Reyes H.
260 ## - PUBLICACIÓN, DISTRIBUCIÓN, ETC.
Lugar de publicación, distribución, etc. México
Nombre del editor, distribuidor, etc. Departamento del Distrito Federal, Comisión Coordinadora para el Desarrollo Agropecuario del Distrito Federal
Fecha de publicación, distribución, etc. [1970?]
300 ## - DESCRIPCIÓN FÍSICA
Extensión 100 p.
Otras características físicas il.
Dimensiones 23 cm.
500 ## - NOTA GENERAL
Nota general Au1060
500 ## - NOTA GENERAL
Nota general Estado físico: Desprendimiento de hojas.
504 ## - NOTA DE BIBLIOGRAFÍA, ETC.
Nota de bibliografía, etc. Bibliografía: p. 99-100
651 #4 - PUNTO DE ACCESO ADICIONAL DE MATERIA--NOMBRE GEOGRÁFICO
Nombre geográfico Milpa Alta (Ciudad de México)
Subdivisión general Historia
9 (RLIN) 18404
651 #4 - PUNTO DE ACCESO ADICIONAL DE MATERIA--NOMBRE GEOGRÁFICO
Nombre geográfico Milpa Alta (Ciudad de México)
Subdivisión general Vida social y costumbres
9 (RLIN) 18405
902 ## - CATALOGADOR
Iniciales GRL
942 ## - ELEMENTOS DE PUNTO DE ACCESO ADICIONAL (KOHA)
Fuente del sistema de clasificación o colocación Library of Congress Classification
Tipo de ítem Koha Libros
Holdings
Estado de retiro Estado de pérdida Estado dañado No para préstamo Localización permanente Ubicación/localización actual Fecha de adquisición Número de inventario Total de préstamos Signatura topográfica completa Código de barras Fecha visto por última vez Precio válido a partir de Tipo de ítem Koha
El ejemplar forma parte de la colección y puede ser consultado según las políticas vigentes.       Biblioteca Centro de Estudios Ruth D. Lechuga Biblioteca Centro de Estudios Ruth D. Lechuga 23/10/2013 Au1060   F1391.M6 .R49 1970 (Au1060) GRL00955 22/03/2019 22/03/2019 Libros